Shakespeare's daughter and other plays (Record no. 6689)

MARC details
000 -LEADER
fixed length control field 00751 a2200217 4500
005 - DATE AND TIME OF LATEST TRANSACTION
control field 2008090501351.0
008 - FIXED-LENGTH DATA ELEMENTS--GENERAL INFORMATION
fixed length control field 080905t xxu||||| |||| 00| d eng d
010 ## - LIBRARY OF CONGRESS CONTROL NUMBER
LC control number ENG-87582
020 ## - INTERNATIONAL STANDARD BOOK NUMBER
International Standard Book Number 8181573285
Terms of availability 500.00
035 ## - SYSTEM CONTROL NUMBER
System control number EN-71115
037 ## - SOURCE OF ACQUISITION
Source of stock number/acquisition DBAD / PUB
082 ## - DEWEY DECIMAL CLASSIFICATION NUMBER
Classification number 882
100 ## - MAIN ENTRY--PERSONAL NAME
Personal name Sidhu, C.D.
245 ## - TITLE STATEMENT
Title Shakespeare's daughter and other plays
Statement of responsibility, etc by C.D. Sidhu
260 ## - PUBLICATION, DISTRIBUTION, ETC. (IMPRINT)
Place of publication, distribution, etc Calcutta
Name of publisher, distributor, etc Writers Workshop
Date of publication, distribution, etc 2005
270 ## - ADDRESS
Address 162/92, Lake Gardens,
City Calcutta
Postal code 700 045
300 ## - PHYSICAL DESCRIPTION
Extent 424p.
Dimensions 22 cm (Hb)
490 ## - SERIES STATEMENT
Series statement Writers workshop bluebird book
942 ## - ADDED ENTRY ELEMENTS (KOHA)
Institution code [OBSOLETE] dpl
Koha item type English Books
Call number prefix 882 / SID
Source of classification or shelving scheme Dewey Decimal Classification
Classification part 882
Call number suffix SID
Holdings
Withdrawn status Lost status Damaged status Not for loan Collection code Home library Current library Date acquired Cost, normal purchase price Total Checkouts Full call number Barcode Date last seen Copy number Uniform Resource Identifier Cost, replacement price Price effective from Koha item type
      Not For Loan Non-fiction D.B.Act.Division D.B.Act.Division 05/09/2008 500.00   882 SID EN-71115 15/09/2008 1 7191 500.00 15/09/2008 English Books

© Delhi Public Library
Hit Counter
free hit counter